| 000 | 00949nam a2200229 a 4500 | ||
|---|---|---|---|
| 003 | DO-SdBNP | ||
| 005 | 20240509090921.0 | ||
| 007 | ta | ||
| 008 | 110610s1955 dr r 000 0 spa d | ||
| 040 |
_aDO-SdBNP _bspa _cBNPHU |
||
| 082 | 4 |
_a372 .7 _bR426p 1955 _222 |
|
| 110 | 2 |
_aRepública Dominicana. _bMinisterio de Educación, Bellas Artes y Cultos _957024 |
|
| 245 | 1 | 0 |
_aProgramas de la educación primaria rural : _b4to curso, ciencias físicas y matemáticas |
| 246 | 1 | 4 |
_aProgramas de la educación secundaria : _b4to curso, ciencias físicas y Matematicas |
| 260 |
_aCiudad Trujillo, República Dominicana : _bMinisterio de Educación, Bellas Artes y Cultos, _c1955. |
||
| 300 |
_a55 p. ; _c22 cm. |
||
| 590 | _aInventariado, 2020/VM | ||
| 650 | 4 |
_aEducacion primaria _xProgramas _zRepública Dominicana _977270 |
|
| 650 | 4 |
_aActividades estudiantiles _xProgramas _zRepública Dominicana _977271 |
|
| 910 | _aVMateo | ||
| 942 |
_2ddc _cLF2 |
||
| 999 |
_c49141 _d49141 |
||